000 00731nam a22002297a 4500
003 0
005 20251029155126.0
008 251029b xxu||||| |||| 00| 0 eng d
020 _a978-1-98467-949-9
050 _aQA 76.575
_b.M85 2023
110 _a3G E-Learning
245 _aMultimedia systems and peripheral devices /
_c3G E-Learning.
250 _aSecond edition.
260 _aNew York, NY :
_b3G E-Learning LLC,
_c2023.
300 _axii, 384 pages :
_bcolored illustrations ;
_c26 cm.
504 _aIncludes bibliographical references and index.
650 _aMultimedia systems.
650 _aComputer peripherals.
650 _aComputer input-output equipment.
650 _aComputer networks.
942 _2lcc
_cBK
999 _c368415
_d368415